logo

Bir Sreshtho Munshi Abdur Rouf Library
Jhenaidah Cadet College

Jack Lenor Larsen : (Record no. 1654)

MARC details
000 -LEADER
fixed length control field 00799cam a2200277 a 4500
001 - CONTROL NUMBER
JCCL Control Number 1654
003 - CONTROL NUMBER IDENTIFIER
JCCL marc code UkOxU
005 - DATE AND TIME OF LATEST TRANSACTION
control field 20171022210545.0
008 - FIXED-LENGTH DATA ELEMENTS--GENERAL INFORMATION
fixed length control field 040920s1998 nyua b 001 0aeng
020 ## - INTERNATIONAL STANDARD BOOK NUMBER
International Standard Book Number 0810935899
020 ## - INTERNATIONAL STANDARD BOOK NUMBER
International Standard Book Number 0810990938 (pbk.)
035 ## - SYSTEM CONTROL NUMBER
system control number (BD-JhCC)1654
040 ## - CATALOGING SOURCE
Original cataloging agency BD-JhCC
Modifying agency BD-JhCC
041 ## - LANGUAGE CODE
Language code of Book eng
082 ## - DEWEY DECIMAL CLASSIFICATION NUMBER
Classification number 745.4492
Author mark and Year LEO 1998
100 1# - MAIN ENTRY--PERSONAL NAME
Personal name Larsen, Jack Lenor.
245 10 - TITLE STATEMENT
Title Jack Lenor Larsen :
Remainder of title a weaver's memoir /
Statement of responsibility, etc by Jack Lenor Larsen.
246 30 - VARYING FORM OF TITLE
Title proper/short title Weaver's memoir
260 ## - PUBLICATION, DISTRIBUTION, ETC. (IMPRINT)
Place of publication, distribution, etc New York :
Name of publisher, distributor, etc H.N. Abrams,
Date of publication, distribution, etc 1998.
300 ## - PHYSICAL DESCRIPTION
Pagination 160 p. :
Other physical details ill. (some col.) ;
Dimensions 27 cm.
504 ## - BIBLIOGRAPHY, ETC. NOTE
Bibliography, etc Includes bibliographical references and index.
600 10 - SUBJECT ADDED ENTRY--PERSONAL NAME
Personal name Larsen, Jack Lenor.
650 #0 - SUBJECT ADDED ENTRY--TOPICAL TERM
Topical term or geographic name as entry element Male weavers
Geographic subdivision United States
Form subdivision Biography.
942 ## - ADDED ENTRY ELEMENTS (KOHA)
Source of classification or shelving scheme Dewey Decimal Classification
Koha item type Books
Holdings
Source of classification or shelving scheme Damaged status Not for loan Home library Current library Date of accession Total Checkouts Full call number Barcode Date last seen Copy number Koha item type
Dewey Decimal Classification     JCC Rouf Library JCC Rouf Library 10/22/2017   745.4492 LEO 1998 1157 10/22/2017 C-1 Books

JCC Library | Contacts | JCC Home

Last Update on 23 September 2017
Copyright @ 2017-2020 JCC Rouf Library
Rouf Library, Jhenidah Cadet College (JCC), Bangladesh